| Tag |
First Indicator |
Second Indicator |
Subfields |
| LEADER |
00000cam a2200000 a 4500 |
| 001 |
in00000023926 |
| 005 |
20151007055557.0 |
| 008 |
870205s1987 enka b 00100 eng |
| 010 |
|
|
|a 87000971
|
| 020 |
|
|
|a 063201573X :
|c £36.50
|
| 035 |
|
|
|a (OCoLC)15223058
|
| 035 |
|
|
|9 AAB8626AM
|
| 040 |
|
|
|a DLC
|c DLC
|d TXA
|d UtOrBLW
|
| 049 |
|
|
|a TXAM
|c [A11490118]
|
| 050 |
0 |
0 |
|a QA76.76.R44
|b S65 1987
|
| 082 |
0 |
|
|a 005
|2 19
|
| 245 |
0 |
0 |
|a Software reliability :
|b achievement and assessment /
|c edited by B. Littlewood.
|
| 264 |
|
1 |
|a Oxford ;
|a Boston :
|b Blackwell Scientific Publications,
|c 1987.
|
| 300 |
|
|
|a ix, 230 pages :
|b illustrations ;
|c 24 cm.
|
| 336 |
|
|
|a text
|b txt
|2 rdacontent
|
| 337 |
|
|
|a unmediated
|b n
|2 rdamedia
|
| 338 |
|
|
|a volume
|b nc
|2 rdacarrier
|
| 504 |
|
|
|a Includes bibliographies and index.
|
| 650 |
|
0 |
|a Computer software
|x Reliability.
|
| 700 |
1 |
|
|a Littlewood, B.
|q (Beverley)
|
| 999 |
|
|
|a MARS
|
| 999 |
f |
f |
|s 0d6948a9-d850-3d1d-90c8-9fb81e44bc57
|i 224c7993-2c4e-3bea-bd42-7fa90a0077e8
|t 0
|
| 952 |
f |
f |
|p ric
|a Texas A&M University
|b Rellis Campus
|c Joint Library Facility
|d Remote Storage
|t 0
|e QA76.76.R44 S65 1987
|h Library of Congress classification
|i unmediated -- volume
|m A14811490118
|
| 998 |
f |
f |
|a QA76.76.R44 S65 1987
|t 0
|l Remote Storage
|